Entrepreneurship / (Record no. 288215)
[ view plain ]
| 000 -LEADER | |
|---|---|
| fixed length control field | 00437nam a2200133Ia 4500 |
| 008 - FIXED-LENGTH DATA ELEMENTS--GENERAL INFORMATION | |
| fixed length control field | 150610s9999 xx 000 0 und d |
| 020 ## - INTERNATIONAL STANDARD BOOK NUMBER | |
| International Standard Book Number | 9789715741590 |
| 050 ## - LIBRARY OF CONGRESS CALL NUMBER | |
| Classification number | HD 62.5 |
| Item number | .B212 2010 |
| 100 ## - MAIN ENTRY--PERSONAL NAME | |
| Personal name | Banastao, Cristina B. |
| 245 ## - TITLE STATEMENT | |
| Title | Entrepreneurship / |
| Statement of responsibility, etc | Cristina B. Banastao and Solita A. Frias. |
| 260 ## - PUBLICATION, DISTRIBUTION, ETC. (IMPRINT) | |
| Place of publication, distribution, etc | Quezon City : |
| Name of publisher, distributor, etc | Katha Publishing, |
| Date of publication, distribution, etc | 2010. |
| 300 ## - PHYSICAL DESCRIPTION | |
| Extent | 206pages : |
| Other physical details | illustrations ; |
| Dimensions | 26 cm. |
| 520 ## - SUMMARY, ETC. | |
| Summary, etc | Entrepreneurship. |
| Withdrawn status | Lost status | Damaged status | Home library | Current library | Shelving location | Date acquired | Total Checkouts | Full call number | Barcode | Date last seen | Price effective from | Koha item type |
|---|---|---|---|---|---|---|---|---|---|---|---|---|
| Stonyhurst Southville International School (Batangas) | Stonyhurst Southville International School (Batangas) | High School Section | 06/10/2015 | HD 62.5 .B212 2010 | US-2048 | 06/10/2015 | 06/10/2015 | Books |